Peacemaker (2022): Characters by Picture - Statistics

General Stats
  • This quiz has been taken 84 times
  • The average score is 10 of 17
Answer Stats
Picture Answer % Correct
Peacemaker | Chris Smith
100%
Vigilante | Adrian Chase
96%
Emilia Harcourt
87%
John Economos
87%
White Dragon | Auggie Smith
84%
Eagly
83%
Leota Adebayo
80%
Judomaster | Hadley "Rip" Jagger
76%
Amanda Waller
68%
Keith Smith
55%
Clemson Murn | Ik Nobe Llok
50%
Royland Goff | Eek Stack Ik Ik
34%
Keeya Adebayo
18%
Sophie Song
17%
Caspar Locke
9%
Jamil
9%
Larry Fitzgibbon
8%
No matching quizzes found
Score Distribution
Percent of People with Each Score
Percentile by Number Answered
Your Score History
You have not taken this quiz